000 00517ntaaa2200181 4500
003 01
005 20251027202319.0
008 0714s1973 ag 01
040 _aAR-BaBN
_bspa
_cAR-BaBN
_eaacr
_dRIC
082 _a280.1000 W89
100 _aWorld Council of Churches
_918625
245 _aPanfletos movimiento ecuménico
250 _a1 ed.
260 _aNew York :
_bWorld Council of Churches,
_cnb.f.
300 _a4 folletos en carpeta
650 _aConcilio mundial de iglesias-constitución
_921712
942 _cBK
999 _c17957
_d17957